| 000 | 00882nam a2200277 i 4500 | ||
|---|---|---|---|
| 001 | bg | ||
| 100 | 1 | _aKOCHANOWSKA, Róża | |
| 245 | 1 | 0 |
_aPełnik europejski - róża polskich łąk / _cRóża Kochanowska. |
| 246 | 1 | 1 | _aThe globe flower - a rose of polish meadows |
| 246 | 1 | 1 | _aDie europäische Trollblume - eine Rose der polnischen Wiesen |
| 260 |
_aSzczecin : _b"IN PLUS", _c2005. |
||
| 300 |
_a107, [4] s. : _bfot., mapy kolor. ; _c22 cm x 30 cm. |
||
| 500 | _aTyt. równol. ang., niem. | ||
| 650 | 9 |
_aPełnik europejski _zPolska |
|
| 650 | 9 |
_aDoliny _xflora _zPolska |
|
| 650 | 9 |
_aŁąki i pastwiska _xflora _zPolska |
|
| 650 | 9 |
_aRośliny łąkowe _zPolska |
|
| 655 | _aAlbumy | ||
| 020 | _a838940219X | ||
| 040 | _cBPK | ||
| 041 | w | _apolengger | |
| 080 | _a582.5/.9(438) | ||
| 920 | _a83-89402-19-X | ||
| 942 | _cKS | ||
| 008 | s pl f |000 0 pol | ||
| 999 |
_c51958 _d51958 |
||
| 856 |
_uhttp://koha.tu.koszalin.pl/cgi-bin/koha/opac-detail.pl?biblionumber=51958 _yKatalog online BPK |
||